000 00622nam a2200181 4500
001 120375
003 ES-MaACL
005 20250820150521.0
007 t|
008 070214s1945 sp r ||||1| spa d
100 1 _aPoggio Mesorana, Francisco.
_992729
245 1 0 _aLecciones de espectrofotometría aplicada a la medicina /
_cpor Francisco Poggio Mesorana ; prólogo de Fernando Enríquez de Salamanca.
260 _aMadrid :
_bEstades,
_c1945.
300 _aIII, 447 p. :
_bil. ;
_c24 cm.
700 1 _aEnríquez de Salamanca, Fernando,
_d1890-1966
_947286
852 _aES-MaACL
_jE-1794
999 _c120375
_d120375